000 00561nam a22001937a 4500
005 20241128143827.0
008 241128b ||||| |||| 00| 0 eng d
040 _cAL
041 _aEnglish
082 _223
_a378.14
_bSTAA
100 _aST ALOYSIUS COLLEGE
_9187062
245 _aSt Aloysius College Mangalore: Annual Magazine 1939-1940
260 _aMangalore
_bSt Aloysius College
_c1940
300 _a120 p.
_bHB
_c24x18 cm.
650 _aCollege Magazine
_9187063
650 _aAnnual Report
_9187064
650 _a1939-1940
_9187065
942 _2ddc
_cDB
999 _c232021
_d232021